| 000 | 01062nam a22002777a 4500 | ||
|---|---|---|---|
| 003 | DO-SdBNP | ||
| 005 | 20260429123224.0 | ||
| 007 | ta | ||
| 008 | 211108b2016 a|||e |||| 001 0 spa d | ||
| 020 | _a9789945904314 | ||
| 040 |
_aDO-SdBNP _bspa _cBNPHU |
||
| 082 | 4 |
_222 _bP273a |
|
| 245 | 1 | 0 |
_aAcción de la sociedad civil por la seguridad y la justicia (PASJ) : _bactuaciones irregulares de la Policía Nacional en el ejercicio de sus funciones / _cParticipación Ciudadana |
| 250 | _bRosalía Sosa | ||
| 260 |
_aSanto Domingo : _bParticipación Ciudadana, _c2016. |
||
| 300 |
_a28 p. : _bil.; _c28 cm |
||
| 500 | _aPreparado con el patrocinio de la Angencia de los Estados Unidos para el desarrollo Internacional (USAID). | ||
| 500 | _aIncluye tabla de contenido. | ||
| 590 | _aInventariado, 2021 /SA | ||
| 650 | 4 | 0 |
_92151 _aSeguridad social _zRepública Dominicana |
| 650 | 4 | 0 |
_aConducta policial _980520 |
| 650 | 2 | 0 |
_aParticipación política _9456 |
| 700 |
_aBenito Sánchez, Ana Belén _eAnálisis _980521 |
||
| 910 | _aSaquino | ||
| 942 |
_2ddc _cLF2 |
||
| 999 |
_c50886 _d50886 |
||